000 00677nam a2200241 a 4500
001 423
003 BR-CuiBMT
005 20231106192844.0
008 231106s2012 spb 000 0 por d
020 _a9788502155749
040 _aBR-CuiBMT
_cBR-CuiBMT
080 _22007
_a34:336.2
090 _a34:336.2
_bC331c
_c24. ed.
100 1 _aCarvalho, Paulo de Barros,
_d1938-
245 0 _aCurso de direito tributário /
_cPaulo de Barros Carvalho.
250 _a24. ed.
260 _aSão Paulo :
_bSaraiva,
_c2012.
300 _a694 p.:
_c21 cm
504 _aInclui bibliografia.
650 _aDireito tributário
650 _aAdministração tributária
942 _2udc
_cLV
999 _c423
_d423